Find the European Countries Without 'K' Quiz Stats

 Plays Quiz not verified by Sporcle

Score 0/41 Timer 04:00
0 Plays Today
% Correct
Norway
98.6%
Sweden
98.6%
Finland
98.5%
Russia
98.4%
France
98.1%
Ireland
98.1%
Germany
97.8%
Spain
97.7%
Portugal
97.6%
Italy
97.5%
Iceland
97.5%
Belgium
97.3%
Netherlands
97.3%
Latvia
97.3%
Greece
97.3%
Austria
97.1%
Poland
97.1%
Lithuania
97.1%
Estonia
97.1%
Belarus
97.1%
Romania
97.1%
% Correct
Albania
97%
Bulgaria
97%
Switzerland
96.8%
Serbia
96.5%
Macedonia
96.4%
Bosnia and Herzegovina
96.2%
Croatia
96%
Hungary
95.9%
Moldova
95.8%
Czechia
95.5%
Montenegro
95.2%
Slovenia
95.1%
Vatican City
94.9%
Luxembourg
93.6%
Cyprus
93.3%
Andorra
93.2%
San Marino
91.9%
Malta
89.9%
Monaco
89.4%
Liechtenstein
87.6%

You're not logged in!

Compare scores with friends on all Sporcle quizzes.
OR
Log In

You Might Also Like...

Show Comments

Extras

Top Quizzes Today


Score Distribution

Your Account Isn't Verified!

In order to create a playlist on Sporcle, you need to verify the email address you used during registration. Go to your Sporcle Settings to finish the process.

Report this User

Report this user for behavior that violates our Community Guidelines.

Details: